| 000 | 00993nac a22002651u 4500 | ||
|---|---|---|---|
| 999 |
_c15285 _d15285 |
||
| 003 | EG-ScBUE | ||
| 005 | 20210123103707.0 | ||
| 008 | 090118s2000 ua f 000 jjaara d | ||
| 017 | _a2000/8977 | ||
| 020 | _a9770809276 | ||
| 040 |
_aEG-ScBUE _bara _erda _cEG-ScBUE _dEG-ScBUE |
||
| 082 | 0 | 4 |
_a892.736 _bم ط ا _222 |
| 100 | 1 |
_aمطاوع، عبد الوهاب، _d1940-2004، _eمؤلف. |
|
| 245 | 1 | 0 |
_aحصاد الصبر / _cعبد الوهاب مطاوع. |
| 264 | 1 |
_aالقاهرة، جمهورية مصر العربية : _bدار أخبار اليوم، _c2000. |
|
| 300 |
_a149 صفحة ; _c19 سم. |
||
| 336 |
_2rdacontent _aنص _btxt |
||
| 337 |
_2rdamedia _aبدون وسيط _bn |
||
| 338 |
_2rdacarrier _aمجلد _bnc |
||
| 490 | 0 | _aمجموعة الأعمال الكاملة | |
| 650 | 7 |
_aالقصص العربية القصيرة _zمصر. _yقرن 20. _2BUEsh _98088 |
|
| 653 |
_cMay2011 _bARALIT |
||
| 655 |
_vReading book _934232 |
||
| 942 |
_cBB _k813.01962 م ط ا _2ddc |
||